00275nam a22000977a 4500008004100000082001500041100001800056245005600074260003800130300000900168230629b xxu||||| |||| 00| 0 eng d a335.4bLAB cSuzanne Labin aThe Anthillbthe human condition in communist china alondonbSteven and Sons Ltdc1960 a442p